000 00722nam a2200181 i 4500
001 41936
003 ES-MaACL
005 20251003063053.0
007 t|
008 030312s1851 sp ||||1| spa d
100 1 _aCasas y Quijano, José Gonzalo de las,
_d1826-1894
_9127392
245 1 0 _aManual histórico-alfabético del cuadro sinóptico para el uso del papel sellado con arreglo al Real Decreto de 8 de agosto e instrucción de 1º de octubre de 1851 /
_cpor José Gonzalo de las Casas.
260 _aMadrid :
_bPedro Sanz y Sanz,
_c1851.
300 _a84 p. ;
_c20 cm.
650 _aTimbre (Impuesto)-
_zEspaña.
_9161971
852 _aES-MaACL
_jL-4905(12-1)
999 _c41936
_d41936